[Event "Washington op 6th"]
[Site "Rockville"]
[Date "2017.08.15"]
[Round "8"]
[White "Perelshteyn, Eugene"]
[Black "Yang, Darwin"]
[Result "1-0"]
[WhiteElo "2507"]
[BlackElo "2493"]
[PlyCount "89"]
[EventDate "2017.08.12"]
[EventType "swiss"]
[EventRounds "9"]
[EventCountry "USA"]
[SourceTitle "CBM 180 Extra"]
[Source "ChessBase"]
[SourceDate "2017.10.06"]
[SourceVersion "1"]
[SourceVersionDate "2017.10.06"]
[SourceQuality "1"]

1. Nf3 Nf6 2. g3 d5 3. Bg2 c6 4. 0-0 Bf5 5. d3 e6 6. c4 Be7 7. Qb3 Qb6 8. Be3 Qxb3 9. axb3 a6 10. Bd2 Nbd7 11. Bc3 h6 12. Nbd2 0-0 13. b4 Rfc8 14. b3 Bh7 15. Rfe1 Rd8 16. Bf1 e5 17. Nxe5 Nxe5 18. Bxe5 Bxb4 19. Red1 a5 20. Ra2 Nd7 21. Ba1 Nc5 22. Rb1 Ne6 23. Nf3 Bf5 24. Nh4 Bh7 25. Nf3 Bf5 26. Ne1 d4 27. Nc2 Bc5 28. Bb2 Ra6 29. Rba1 Rda8 30. Bg2 Rb6 31. Ba3 Bxa3 32. Rxa3 c5 33. Kf1 Ra7 34. Ke1 Rba6 35. Kd2 Nc7 36. R3a2 Be6 37. e3 dxe3+ 38. fxe3 b5 39. Na3 Rb6 40. cxb5 Bxb3 41. Rb2 Bd5 42. Nc4 Rf6 43. b6 Rf2+ 44. Kc3 Rxb2 45. Nxb2 1-0

[Event "Washington op 6th"]
[Site "Rockville"]
[Date "2017.08.13"]
[Round "3"]
[White "Yang, Darwin"]
[Black "Gordievsky, Dmitry"]
[Result "1/2-1/2"]
[WhiteElo "2493"]
[BlackElo "2613"]
[PlyCount "111"]
[EventDate "2017.08.12"]
[EventType "swiss"]
[EventRounds "9"]
[EventCountry "USA"]
[SourceTitle "CBM 180 Extra"]
[Source "ChessBase"]
[SourceDate "2017.10.06"]
[SourceVersion "1"]
[SourceVersionDate "2017.10.06"]
[SourceQuality "1"]

1. Nf3 d5 2. d4 e6 3. c4 a6 4. cxd5 exd5 5. Nc3 Nf6 6. Bg5 Be6 7. e3 Nbd7 8. Bd3 Bd6 9. 0-0 0-0 10. Bh4 Qb8 11. Rc1 c6 12. Re1 Bg4 13. h3 Bh5 14. e4 dxe4 15. Nxe4 Nd5 16. Nxd6 Qxd6 17. Bf5 N7f6 18. a3 Rae8 19. Bg3 Qd8 20. Qb3 Bxf3 21. Qxf3 Rxe1+ 22. Rxe1 Re8 23. Rxe8+ Qxe8 24. Be5 Qd8 25. Qb3 g6 26. Bc2 Qe7 27. Bd1 Ne4 28. Qd3 Nd6 29. Bb3 Ne8 30. Bxd5 cxd5 31. Qb3 Qd7 32. Qb6 Qc6 33. Qd8 Kf8 34. Bf4 f6 35. Bd2 Kf7 36. Bb4 Qe6 37. Kf1 g5 38. Kg1 h5 39. Kf1 h4 40. Kg1 b5 41. Qa8 Ng7 42. Qb7+ Kg6 43. Qa8 Nf5 44. Bc3 Nh6 45. Bb4 Nf5 46. Bc3 Ng7 47. Bb4 Nh5 48. Bd2 f5 49. Qd8 Nf6 50. Qc7 Qe2 51. Bxg5 Qd1+ 52. Kh2 Qxd4 53. f4 Qxb2 54. Qb6 a5 55. Qxa5 Qf2 56. Qa6 1/2-1/2

[Event "Washington op 5th"]
[Site "Rockville"]
[Date "2016.08.14"]
[Round "4"]
[White "Yang, Darwin"]
[Black "Checa, Nicolas D"]
[Result "1/2-1/2"]
[WhiteElo "2488"]
[BlackElo "2405"]
[PlyCount "66"]
[EventDate "2016.08.13"]
[EventType "swiss"]
[EventRounds "9"]
[EventCountry "USA"]
[SourceTitle "CBM 173 Extra"]
[Source "ChessBase"]
[SourceDate "2016.08.29"]
[SourceVersion "1"]
[SourceVersionDate "2016.08.29"]
[SourceQuality "1"]

1. d4 d5 2. c4 c6 3. Nf3 Nf6 4. e3 Bf5 5. Nc3 a6 6. Qb3 Ra7 7. Nh4 Bg6 8. Nxg6 hxg6 9. Qc2 e6 10. Bd2 Nbd7 11. c5 e5 12. Be2 Be7 13. h3 Qc7 14. b4 Nf8 15. dxe5 Qxe5 16. 0-0 Ne6 17. f4 Qc7 18. e4 dxe4 19. Nxe4 Nd4 20. Nxf6+ Bxf6 21. Qe4+ Qe7 22. Qxe7+ Kxe7 23. Bc4 Rd8 24. Rad1 Raa8 25. g4 Kf8 26. g5 Be7 27. Bc3 Nf5 28. Kf2 a5 29. Rxd8+ Bxd8 30. Rd1 axb4 31. Bxb4 Be7 32. Rd7 Rb8 33. Ke2 Ke8 1/2-1/2

[Event "Philadelphia National op 46th"]
[Site "Philadelphia"]
[Date "2015.11.27"]
[Round "1"]
[White "Moon, Benjamin"]
[Black "Yang, Darwin"]
[Result "0-1"]
[WhiteElo "2134"]
[BlackElo "2473"]
[PlyCount "128"]
[EventDate "2015.11.27"]
[EventType "swiss"]
[EventRounds "6"]
[EventCountry "USA"]
[SourceTitle "CBM 169 Extra"]
[Source "ChessBase"]
[SourceDate "2015.12.18"]
[SourceVersion "1"]
[SourceVersionDate "2015.12.18"]
[SourceQuality "1"]

1. d4 Nf6 2. Nf3 e6 3. g3 d5 4. c4 Be7 5. Bg2 0-0 6. 0-0 c6 7. Qc2 Nbd7 8. b3 b6 9. Nc3 Ba6 10. cxd5 cxd5 11. Bb2 Rc8 12. Rfc1 Ne4 13. Qd1 Ba3 14. Bxa3 Nxc3 15. Rxc3 Rxc3 16. Bxf8 Qxf8 17. Qd2 Qc8 18. Ne1 Nf6 19. f3 Ne8 20. Rb1 Nd6 21. Rb2 Nf5 22. Nc2 Qc7 23. Bh3 Nd6 24. Ne1 h5 25. Kf2 Nb5 26. Nc2 h4 27. Kg2 hxg3 28. hxg3 Nd6 29. Ne3 Bb7 30. Kf2 a5 31. Kg2 b5 32. Rc2 Rxc2 33. Qxc2 Qxc2 34. Nxc2 b4 35. a4 Bc6 36. Kf2 Kf8 37. Ke1 Ke7 38. Kd2 f6 39. Ne3 g5 40. Nc2 Bb7 41. Ne1 Ba6 42. Nc2 f5 43. Bg2 Ne8 44. e4 dxe4 45. fxe4 Bb7 46. Ne3 fxe4 47. Nc4 Nd6 48. Bf1 Nxc4+ 49. Bxc4 Kd6 50. Be2 e5 51. Ke3 Bc6 52. Bh5 Ke6 53. Be2 Bd5 54. Bd1 Kf5 55. Bc2 Kg4 56. dxe5 Kxg3 57. Kd4 Be6 58. Kxe4 g4 59. Ke3 Kh2 60. Kd4 g3 61. Be4 Bxb3 62. Kc5 Bxa4 63. Kb6 b3 64. Kxa5 Be8 0-1

[Event "Washington op 4th"]
[Site "Rockville"]
[Date "2015.08.12"]
[Round "8"]
[White "Steingrimsson, Hedinn"]
[Black "Yang, Darwin"]
[Result "1/2-1/2"]
[WhiteElo "2550"]
[BlackElo "2465"]
[PlyCount "82"]
[EventDate "2015.08.08"]
[EventType "swiss"]
[EventRounds "9"]
[EventCountry "USA"]
[SourceTitle "CBM 167 Extra"]
[Source "ChessBase"]
[SourceDate "2015.09.14"]
[SourceVersion "1"]
[SourceVersionDate "2015.09.14"]
[SourceQuality "1"]

1. d4 Nf6 2. c4 e6 3. Nc3 Bb4 4. Qc2 0-0 5. Nf3 d6 6. Bd2 c5 7. dxc5 dxc5 8. a3 Ba5 9. e3 Qe7 10. Bd3 Rd8 11. 0-0-0 b6 12. e4 e5 13. Bg5 Bxc3 14. Qxc3 Nc6 15. h3 Bb7 16. Rhe1 Rd7 17. g4 Rad8 18. Bh4 Nd4 19. Nxd4 Rxd4 20. f3 Bc6 21. Bf2 R4d7 22. h4 Ne8 23. Bc2 Nc7 24. b4 f6 25. b5 Rxd1+ 26. Rxd1 Rxd1+ 27. Kxd1 Bb7 28. Ke1 Ne6 29. Bd3 h6 30. h5 Qd6 31. Be3 Kf7 32. a4 Ke7 33. Bf1 Kd7 34. a5 Kc7 35. a6 Bc8 36. Qd2 Qxd2+ 37. Bxd2 Kd6 38. Kf2 Bd7 39. Ke3 Kc7 40. Be1 Kd6 41. Bg3 Kc7 1/2-1/2

[Event "Washington op 4th"]
[Site "Rockville"]
[Date "2015.08.09"]
[Round "3"]
[White "Roiz, Michael"]
[Black "Yang, Darwin"]
[Result "1/2-1/2"]
[WhiteElo "2595"]
[BlackElo "2465"]
[PlyCount "56"]
[EventDate "2015.08.08"]
[EventType "swiss"]
[EventRounds "9"]
[EventCountry "USA"]
[SourceTitle "CBM 167 Extra"]
[Source "ChessBase"]
[SourceDate "2015.09.14"]
[SourceVersion "1"]
[SourceVersionDate "2015.09.14"]
[SourceQuality "1"]

1. Nf3 Nf6 2. c4 e6 3. g3 d5 4. Bg2 Be7 5. 0-0 0-0 6. d4 c6 7. Nc3 Nbd7 8. b3 b6 9. Nd2 Bb7 10. e4 dxe4 11. Ndxe4 Nxe4 12. Nxe4 Nf6 13. Qc2 Qxd4 14. Bb2 Qd8 15. Rad1 Qc7 16. Nxf6+ Bxf6 17. Bxf6 gxf6 18. Qc3 Qe7 19. Rd4 f5 20. Rfd1 Rad8 21. Qd2 Rxd4 22. Qxd4 Re8 23. Qd7 Kf8 24. Qd2 c5 25. Qh6+ Kg8 26. Bxb7 Qxb7 27. Qg5+ Kf8 28. Qf6 Kg8 1/2-1/2

[Event "Arlington DC op 3rd"]
[Site "Arlington"]
[Date "2015.06.27"]
[Round "4"]
[White "Wu, Christopher"]
[Black "Yang, Darwin"]
[Result "1-0"]
[WhiteElo "2317"]
[BlackElo "2484"]
[PlyCount "91"]
[EventDate "2015.06.25"]
[EventType "swiss"]
[EventRounds "9"]
[EventCountry "USA"]
[SourceTitle "CBM 167 Extra"]
[Source "ChessBase"]
[SourceDate "2015.09.14"]
[SourceVersion "1"]
[SourceVersionDate "2015.09.14"]
[SourceQuality "1"]

1. e4 e6 2. d4 d5 3. Nc3 Bb4 4. e5 c5 5. a3 Ba5 6. Be3 Nc6 7. Bb5 Nge7 8. dxc5 0-0 9. Nf3 Nf5 10. Bd2 Bc7 11. Bxc6 bxc6 12. 0-0 f6 13. Re1 Bd7 14. Bf4 g5 15. Bg3 Nxg3 16. hxg3 g4 17. Nh4 fxe5 18. Qxg4+ Kh8 19. Rad1 Qe7 20. b4 Rad8 21. Ne2 e4 22. Nf4 Rxf4 23. gxf4 Rg8 24. Qh3 Bxf4 25. g3 e5 26. Qh2 Bg4 27. Rb1 Bg5 28. Rb3 Be6 29. Ng2 Rg6 30. Qh5 Rh6 31. Qe2 Qd7 32. f4 exf4 33. gxf4 Bf6 34. Rg3 Bd4+ 35. Ne3 Qe7 36. Qg2 Qh4 37. c3 Bxc3 38. Nf5 Qh1+ 39. Qxh1 Rxh1+ 40. Kxh1 Bxe1 41. Rg1 Bf2 42. Rg5 a6 43. Kg2 Be1 44. Ne7 Bd2 45. Nxc6 Bxf4 46. Nd4 1-0

[Event "Arlington DC op 3rd"]
[Site "Arlington"]
[Date "2015.06.26"]
[Round "3"]
[White "Yang, Darwin"]
[Black "Zhou, Jianchao"]
[Result "0-1"]
[WhiteElo "2484"]
[BlackElo "2597"]
[PlyCount "110"]
[EventDate "2015.06.25"]
[EventType "swiss"]
[EventRounds "9"]
[EventCountry "USA"]
[SourceTitle "CBM 167 Extra"]
[Source "ChessBase"]
[SourceDate "2015.09.14"]
[SourceVersion "1"]
[SourceVersionDate "2015.09.14"]
[SourceQuality "1"]

1. d4 d5 2. c4 c6 3. Nf3 Nf6 4. e3 a6 5. Nc3 Bf5 6. Qb3 b5 7. c5 a5 8. Ne5 a4 9. Qd1 g6 10. g4 Be6 11. Bg2 Bg7 12. f4 h5 13. g5 Nfd7 14. Nf3 Na6 15. Nh4 Bg4 16. Qd2 e5 17. fxe5 Nxe5 18. dxe5 Qxg5 19. Qf2 Qxe5 20. 0-0 0-0 21. h3 Bd7 22. e4 d4 23. Nf3 Qxc5 24. Ne2 d3 25. Nf4 Qxf2+ 26. Rxf2 Nc5 27. e5 Rad8 28. Be3 Ne4 29. Nxd3 Nxf2 30. Nxf2 Be6 31. a3 Bd5 32. Bb6 Bxf3 33. Bxf3 Rd2 34. Bxc6 Bxe5 35. Rd1 Rc2 36. Be4 Rcc8 37. Nd3 Bg7 38. Rd2 Rc4 39. Nf2 Kh7 40. Kg2 Rb8 41. Ba7 Rbc8 42. Bd3 R4c7 43. Be3 Bh6 44. Bxh6 Kxh6 45. Bxb5 Rc2 46. Rd3 Rxb2 47. Bxa4 Rc4 48. Bd1 Rf4 49. Bf3 h4 50. Rc3 Ra2 51. Rd3 f5 52. Rc3 Ra4 53. Bd5 R4xa3 54. Rc6 Rd2 55. Bf7 Kg7 0-1

[Event "Dallas UT-USA Juniors"]
[Site "Richardson"]
[Date "2015.03.18"]
[Round "8.5"]
[White "Yang, Darwin"]
[Black "Kadric, Denis"]
[Result "1/2-1/2"]
[WhiteElo "2478"]
[BlackElo "2500"]
[PlyCount "42"]
[EventDate "2015.03.13"]
[EventType "schev"]
[EventRounds "10"]
[EventCountry "USA"]
[SourceTitle "CBM 165 Extra"]
[Source "ChessBase"]
[SourceDate "2015.04.21"]
[SourceVersion "1"]
[SourceVersionDate "2015.04.21"]
[SourceQuality "1"]
[WhiteTeam "United States U20"]
[BlackTeam "Dallas UT"]
[WhiteTeamCountry "USA"]
[BlackTeamCountry "USA"]

1. d4 d6 2. c4 e5 3. Nf3 e4 4. Ng5 f5 5. Nc3 c6 6. Nh3 Be7 7. Qb3 Na6 8. f3 Nf6 9. Nf2 d5 10. cxd5 cxd5 11. Bg5 Nc7 12. e3 0-0 13. Be2 Kh8 14. 0-0 Bd6 15. f4 h6 16. Bxf6 Rxf6 17. Rac1 g5 18. Nh3 Qg8 19. g3 Bd7 20. Qxb7 Rb8 21. Qxa7 Ra8 1/2-1/2

[Event "Dallas UT-USA Juniors"]
[Site "Richardson"]
[Date "2015.03.17"]
[Round "6.3"]
[White "Yang, Darwin"]
[Black "Margvelashvili, Giorgi"]
[Result "1/2-1/2"]
[WhiteElo "2478"]
[BlackElo "2531"]
[PlyCount "57"]
[EventDate "2015.03.13"]
[EventType "schev"]
[EventRounds "10"]
[EventCountry "USA"]
[SourceTitle "CBM 165 Extra"]
[Source "ChessBase"]
[SourceDate "2015.04.21"]
[SourceVersion "1"]
[SourceVersionDate "2015.04.21"]
[SourceQuality "1"]
[WhiteTeam "United States U20"]
[BlackTeam "Dallas UT"]
[WhiteTeamCountry "USA"]
[BlackTeamCountry "USA"]

1. d4 Nf6 2. c4 e6 3. Nc3 Bb4 4. e3 0-0 5. Nge2 d5 6. a3 Be7 7. cxd5 exd5 8. Nf4 Re8 9. Bd3 Bd6 10. 0-0 Bxf4 11. exf4 Nc6 12. Ne2 Ne4 13. Qc2 Bf5 14. Be3 Qd7 15. Rac1 Nd6 16. Rfd1 Rac8 17. Qc5 Bxd3 18. Rxd3 Ne7 19. b3 a6 20. Ng3 c6 21. f3 Ndf5 22. Nf1 Nxe3 23. Rxe3 Nf5 24. Ree1 Re6 25. Re5 Ree8 26. Kf2 f6 27. Ree1 h5 28. g3 Rxe1 29. Rxe1 1/2-1/2

[Event "Dallas UT-USA Juniors"]
[Site "Richardson"]
[Date "2015.03.15"]
[Round "4.1"]
[White "Yang, Darwin"]
[Black "Kritz, Leonid"]
[Result "1/2-1/2"]
[WhiteElo "2478"]
[BlackElo "2583"]
[PlyCount "98"]
[EventDate "2015.03.13"]
[EventType "schev"]
[EventRounds "10"]
[EventCountry "USA"]
[SourceTitle "CBM 165 Extra"]
[Source "ChessBase"]
[SourceDate "2015.04.21"]
[SourceVersion "1"]
[SourceVersionDate "2015.04.21"]
[SourceQuality "1"]
[WhiteTeam "United States U20"]
[BlackTeam "Dallas UT"]
[WhiteTeamCountry "USA"]
[BlackTeamCountry "USA"]

1. d4 d5 2. c4 c6 3. Nf3 Nf6 4. e3 a6 5. Nc3 Bf5 6. Qb3 b5 7. c5 a5 8. Ne5 a4 9. Qd1 g6 10. g4 Be6 11. Bd3 Nfd7 12. Nxd7 Qxd7 13. f3 h5 14. gxh5 Rxh5 15. Ne2 Rh8 16. Qc2 Na6 17. Bd2 Bh3 18. Rg1 e5 19. 0-0-0 0-0-0 20. a3 Be6 21. Rg2 Kb7 22. Rh1 Qc7 23. h4 Be7 24. Be1 e4 25. fxe4 dxe4 26. Bxe4 Nxc5 27. Bg3 Qd7 28. dxc5 Bb3 29. Nd4 Bxc2 30. Bxc6+ Qxc6 31. Nxc6 Be4 32. Nxd8+ Rxd8 33. Rhh2 Bxg2 34. Rxg2 Bxc5 35. Bf4 Kc6 36. Kc2 Rd5 37. Bg5 Rf5 38. Kd3 Kd6 39. Rc2 Ke6 40. Ke4 Re5+ 41. Kf3 Bd6 42. Rc6 Kd5 43. Rc8 Re6 44. Rc2 Be5 45. e4+ Kd4 46. Rc3 Bd6 47. Rc6 Kd3 48. Rc3+ Kd4 49. Rc6 Ke5 1/2-1/2

[Event "Washington op 3rd"]
[Site "Rockville"]
[Date "2014.08.14"]
[Round "9"]
[White "Yang, Darwin"]
[Black "Barbosa, Oliver"]
[Result "1/2-1/2"]
[WhiteElo "2478"]
[BlackElo "2551"]
[PlyCount "110"]
[EventDate "2014.08.09"]
[EventType "swiss"]
[EventRounds "9"]
[EventCountry "USA"]
[SourceTitle "CBM 161 Extra"]
[Source "ChessBase"]
[SourceDate "2014.08.29"]
[SourceVersion "1"]
[SourceVersionDate "2014.08.29"]
[SourceQuality "1"]

1. d4 d5 2. c4 c6 3. e3 Bf5 4. Nc3 e6 5. g4 Bg6 6. Nge2 Nf6 7. Nf4 Bd6 8. Nxg6 hxg6 9. g5 Ng8 10. f4 Ne7 11. Qb3 Qc8 12. Bd2 Nd7 13. 0-0-0 Nf5 14. cxd5 exd5 15. Bd3 Nb6 16. a4 Qc7 17. Kb1 Nc8 18. h4 Nce7 19. Rh3 0-0-0 20. Rdh1 Kb8 21. h5 Qc8 22. Qd1 Bb4 23. hxg6 fxg6 24. Rxh8 Rxh8 25. Qg1 Rh5 26. Bc1 Bxc3 27. bxc3 c5 28. Bd2 Qc6 29. Rxh5 gxh5 30. g6 Qxa4 31. Bxf5 Nxf5 32. Qg5 Qd1+ 33. Bc1 Qd3+ 34. Kb2 Kc7 35. Qxh5 Kc6 36. dxc5 Kxc5 37. Qh8 Qb5+ 38. Kc2 Qd7 39. Qf8+ Kc6 40. Ba3 b6 41. e4 dxe4 42. Qa8+ Kb5 43. Qxe4 a5 44. Kb3 Qc8 45. c4+ Ka6 46. Qd5 Ne3 47. Qe4 Nf5 48. Qd5 Nh4 49. Bb2 Nxg6 50. Bd4 Qc7 51. Qa8+ Qa7 52. Qe8 Nxf4 53. Qb5+ Kb7 54. Qd7+ Ka6 55. Qb5+ Kb7 1/2-1/2

[Event "Dallas UTD Spring op"]
[Site "Dallas"]
[Date "2014.03.12"]
[Round "7"]
[White "Sarkar, Justin"]
[Black "Yang, Darwin"]
[Result "1-0"]
[WhiteElo "2452"]
[BlackElo "2493"]
[PlyCount "79"]
[EventDate "2014.03.08"]
[EventType "swiss"]
[EventRounds "9"]
[EventCountry "USA"]
[SourceTitle "CBM 159 Extra"]
[Source "ChessBase"]
[SourceDate "2014.04.24"]
[SourceVersion "1"]
[SourceVersionDate "2014.04.24"]
[SourceQuality "1"]

1. d4 Nf6 2. c4 e6 3. Nc3 Bb4 4. Qc2 0-0 5. a3 Bxc3+ 6. Qxc3 d6 7. Nf3 b6 8. e3 Bb7 9. Be2 Ne4 10. Qc2 f5 11. 0-0 Rf6 12. b4 Rh6 13. d5 Nd7 14. dxe6 Nf8 15. Nd4 Qg5 16. f3 Qh5 17. h3 Ng3 18. e7 Ne6 19. c5 dxc5 20. bxc5 bxc5 21. Nxe6 Nxe2+ 22. Qxe2 Rxe6 23. Qb5 Ba6 24. Qxc5 Qf7 25. Rd1 Qxe7 26. Qxf5 Rf8 27. Qd5 Bc8 28. e4 Kh8 29. Bg5 Qf7 30. Rac1 h6 31. Be3 a6 32. h4 Kh7 33. Bf2 Rg6 34. Qxf7 Rxf7 35. Kh2 Re6 36. Rd8 Bb7 37. Bg3 c6 38. h5 Rfe7 39. Rb8 a5 40. Rd1 1-0

[Event "Dallas UTD Spring op"]
[Site "Dallas"]
[Date "2014.03.09"]
[Round "3"]
[White "Kadric, Denis"]
[Black "Yang, Darwin"]
[Result "1-0"]
[WhiteElo "2485"]
[BlackElo "2493"]
[PlyCount "53"]
[EventDate "2014.03.08"]
[EventType "swiss"]
[EventRounds "9"]
[EventCountry "USA"]
[SourceTitle "CBM 159 Extra"]
[Source "ChessBase"]
[SourceDate "2014.04.24"]
[SourceVersion "1"]
[SourceVersionDate "2014.04.24"]
[SourceQuality "1"]

1. e4 c6 2. d4 d5 3. e5 Bf5 4. h4 h5 5. c4 e6 6. Nc3 Ne7 7. Nge2 dxc4 8. Ng3 b5 9. Bg5 Qb6 10. a4 Bg6 11. Be2 Nd5 12. 0-0 Be7 13. Bxe7 Nxe7 14. Bf3 Bd3 15. Re1 0-0 16. Qd2 Qxd4 17. Nxh5 Ng6 18. Ne4 Rd8 19. Nef6+ Kh8 20. Ng4 Nd7 21. Qg5 Qc5 22. axb5 cxb5 23. Bxa8 Rxa8 24. Nxg7 Kxg7 25. h5 Rh8 26. hxg6 Bxg6 27. Nf6 1-0

[Event "Bay Area op"]
[Site "Santa Clara"]
[Date "2014.01.08"]
[Round "9"]
[White "Yang, Darwin"]
[Black "Mikhalevski, Victor"]
[Result "1-0"]
[WhiteElo "2463"]
[BlackElo "2536"]
[PlyCount "67"]
[EventDate "2014.01.02"]
[EventType "swiss"]
[EventRounds "9"]
[EventCountry "USA"]
[SourceTitle "CBM 158 Extra"]
[Source "ChessBase"]
[SourceDate "2014.02.28"]
[SourceVersion "1"]
[SourceVersionDate "2014.02.28"]
[SourceQuality "1"]

1. d4 Nf6 2. c4 g6 3. f3 e6 4. e4 d5 5. Nc3 dxe4 6. fxe4 e5 7. d5 Bc5 8. Nf3 Qd6 9. Bd3 0-0 10. Qe2 Bg4 11. h3 Bd7 12. g4 c6 13. Bh6 Rc8 14. 0-0-0 Bb4 15. Bd2 Na6 16. Kb1 Re8 17. Rhf1 cxd5 18. cxd5 Nc5 19. Bc2 Re7 20. a3 a5 21. Qe3 Bxc3 22. Bxc3 Ba4 23. Bxe5 Rxe5 24. Nxe5 Bxc2+ 25. Kxc2 Rc8 26. Nxf7 Qe7 27. Kb1 Ncxe4 28. Nh6+ Kg7 29. Rfe1 Rc3 30. Qd4 Kxh6 31. bxc3 Nxd5 32. Qxd5 Nxc3+ 33. Kc2 Qxe1 34. g5+ 1-0

[Event "Bay Area op"]
[Site "Santa Clara"]
[Date "2014.01.02"]
[Round "1"]
[White "Ashe, Brandon"]
[Black "Yang, Darwin"]
[Result "0-1"]
[WhiteElo "2193"]
[BlackElo "2463"]
[PlyCount "120"]
[EventDate "2014.01.02"]
[EventType "swiss"]
[EventRounds "9"]
[EventCountry "USA"]
[SourceTitle "CBM 158 Extra"]
[Source "ChessBase"]
[SourceDate "2014.02.28"]
[SourceVersion "1"]
[SourceVersionDate "2014.02.28"]
[SourceQuality "1"]

1. e4 e5 2. Nf3 Nc6 3. Nc3 Nf6 4. Bb5 d6 5. d4 exd4 6. Nxd4 Bd7 7. Bf4 Be7 8. 0-0 0-0 9. Re1 g6 10. Nxc6 bxc6 11. Be2 Ne8 12. Qd2 Ng7 13. Rad1 Re8 14. Na4 Bf6 15. Bf3 Ne6 16. Be3 Ng5 17. Bf4 Nxf3+ 18. gxf3 Be6 19. b3 Bg7 20. Bg5 Qc8 21. Qa5 Bg4 22. Rd3 Bh5 23. Kg2 f5 24. Bf4 h6 25. Nc3 g5 26. Bd2 fxe4 27. Nxe4 Bg6 28. Rde3 g4 29. fxg4 Qxg4+ 30. Ng3 Rxe3 31. Rxe3 Rf8 32. Bc3 Qf4 33. Be1 Bd4 34. Re2 h5 35. Qd2 h4 36. Qxf4 Rxf4 37. Bd2 Rf6 38. Bg5 hxg3 39. Bxf6 Bxf6 40. hxg3 Kf7 41. f4 d5 42. g4 Be4+ 43. Kg3 c5 44. c4 c6 45. Rxe4 dxe4 46. Kf2 Bd4+ 47. Ke2 Ke7 48. Kd2 Kd7 49. Ke2 Kc7 50. Kd2 Kb6 51. Ke2 Ka5 52. a3 Bb2 53. Ke3 Bxa3 54. f5 Bb2 55. Kxe4 Kb4 56. g5 Bc1 57. g6 Bb2 58. Kf4 Bf6 59. Kg4 Kxb3 60. Kh5 a5 0-1

[Event "North American op 23rd"]
[Site "Las Vegas"]
[Date "2013.12.29"]
[Round "7"]
[White "Ruiz Castillo, Joshua Daniel"]
[Black "Yang, Darwin"]
[Result "1/2-1/2"]
[WhiteElo "2391"]
[BlackElo "2468"]
[PlyCount "37"]
[EventDate "2013.12.26"]
[EventType "swiss"]
[EventRounds "9"]
[EventCountry "USA"]
[SourceTitle "CBM 158 Extra"]
[Source "ChessBase"]
[SourceDate "2014.02.28"]
[SourceVersion "1"]
[SourceVersionDate "2014.02.28"]
[SourceQuality "1"]

1. e4 c6 2. d4 d5 3. Nc3 dxe4 4. Nxe4 Bf5 5. Ng3 Bg6 6. h4 h6 7. Nf3 e6 8. h5 Bh7 9. Bd3 Bxd3 10. Qxd3 Nf6 11. Bd2 Qc7 12. 0-0-0 Nbd7 13. Kb1 0-0-0 14. c4 c5 15. Bc3 cxd4 16. Nxd4 a6 17. Nb3 Nc5 18. Qxd8+ Qxd8 19. Rxd8+ 1/2-1/2

[Event "North American op 23rd"]
[Site "Las Vegas"]
[Date "2013.12.28"]
[Round "6"]
[White "Yang, Darwin"]
[Black "Samsonkin, Artiom"]
[Result "1/2-1/2"]
[WhiteElo "2468"]
[BlackElo "2413"]
[PlyCount "74"]
[EventDate "2013.12.26"]
[EventType "swiss"]
[EventRounds "9"]
[EventCountry "USA"]
[SourceTitle "CBM 158 Extra"]
[Source "ChessBase"]
[SourceDate "2014.02.28"]
[SourceVersion "1"]
[SourceVersionDate "2014.02.28"]
[SourceQuality "1"]

1. d4 Nf6 2. c4 g6 3. Nc3 Bg7 4. e4 d6 5. f3 Nc6 6. d5 Ne5 7. f4 Ned7 8. Nh3 0-0 9. Nf2 c6 10. Be2 cxd5 11. cxd5 a6 12. a4 a5 13. Be3 b6 14. 0-0 Nc5 15. Bd4 e6 16. Bc4 exd5 17. Nxd5 Bb7 18. Nxf6+ Bxf6 19. Ng4 Nxe4 20. Nxf6+ Nxf6 21. f5 d5 22. Bd3 Ne4 23. Qc1 g5 24. f6 Kh8 25. Qe3 Qd6 26. Rf5 Rae8 27. Rxg5 Nxg5 28. Qxg5 Rg8 29. Qh5 Re4 30. Bxe4 dxe4 31. Be3 Qxf6 32. Rd1 Qg6 33. Qxg6 Rxg6 34. Rd7 Bc6 35. Bd4+ f6 36. Rd6 Bxa4 37. Rxf6 Rxf6 1/2-1/2

[Event "North American op 23rd"]
[Site "Las Vegas"]
[Date "2013.12.26"]
[Round "1"]
[White "Yang, Darwin"]
[Black "Yanayt, Eugene"]
[Result "1-0"]
[WhiteElo "2468"]
[BlackElo "2220"]
[PlyCount "83"]
[EventDate "2013.12.26"]
[EventType "swiss"]
[EventRounds "9"]
[EventCountry "USA"]
[SourceTitle "CBM 158 Extra"]
[Source "ChessBase"]
[SourceDate "2014.02.28"]
[SourceVersion "1"]
[SourceVersionDate "2014.02.28"]
[SourceQuality "1"]

1. Nf3 Nf6 2. g3 g6 3. Bg2 Bg7 4. 0-0 0-0 5. c4 d6 6. Nc3 Nc6 7. d3 e5 8. Rb1 a5 9. a3 Bf5 10. b4 axb4 11. axb4 Qd7 12. Bg5 h6 13. Bxf6 Bxf6 14. Nd5 Bg7 15. Nd2 Rfb8 16. b5 Ne7 17. Nxe7+ Qxe7 18. Ra1 Bc8 19. Ra4 Qe8 20. Ne4 f5 21. Nc3 c6 22. Qb3 Rxa4 23. Qxa4 e4 24. Qa3 Qe5 25. Qa7 d5 26. cxd5 Qd6 27. Rc1 Bd7 28. dxc6 bxc6 29. dxe4 Bxc3 30. Rxc3 fxe4 31. Bxe4 Rxb5 32. Rd3 Rb1+ 33. Kg2 Qe6 34. Qa8+ Be8 35. Re3 Rb5 36. Bxg6 Qxg6 37. Rxe8+ Kf7 38. Rf8+ Ke7 39. Qd8+ Ke6 40. Re8+ Kf5 41. e4+ Kg4 42. Qh4# 1-0

[Event "Saint Louis GM"]
[Site "Saint Louis"]
[Date "2013.11.26"]
[Round "8"]
[White "Boros, Denes"]
[Black "Yang, Darwin"]
[Result "1-0"]
[WhiteElo "2484"]
[BlackElo "2482"]
[PlyCount "103"]
[EventDate "2013.11.21"]
[EventType "tourn"]
[EventRounds "9"]
[EventCountry "USA"]
[EventCategory "8"]
[SourceTitle "CBM 157 Extra"]
[Source "ChessBase"]
[SourceDate "2013.12.19"]
[SourceVersion "1"]
[SourceVersionDate "2013.12.19"]
[SourceQuality "1"]

1. d4 Nf6 2. c4 e6 3. Nc3 Bb4 4. Nf3 b6 5. Qb3 a5 6. g3 0-0 7. Bg2 Bb7 8. 0-0 Bxc3 9. bxc3 a4 10. Qb2 d6 11. c5 dxc5 12. dxc5 Nbd7 13. Rd1 Qc8 14. cxb6 Nxb6 15. Bg5 Ne4 16. Qc2 f6 17. Bc1 Nd6 18. Ba3 Be4 19. Qc1 Nbc4 20. Bh3 Re8 21. Nd2 Bb7 22. Rb1 Nxa3 23. Qxa3 c5 24. Rb6 Qc7 25. Rdb1 Bd5 26. Bg2 Bxg2 27. Kxg2 Red8 28. R1b2 h6 29. c4 Nf5 30. Rxe6 Nd4 31. Re3 Qc6+ 32. f3 f5 33. Nf1 Re8 34. Qd3 a3 35. Rd2 Red8 36. Re5 Rd7 37. Rxf5 Rad8 38. Rd5 Rxd5 39. cxd5 Qxd5 40. Qxa3 Rb8 41. Qd3 Re8 42. Kf2 Ra8 43. Ne3 Qh5 44. h4 Re8 45. Nc2 Nxc2 46. Rxc2 Kh8 47. Qd6 Qf5 48. Rxc5 Qh3 49. Kg1 Re6 50. Rc8+ Kh7 51. Qd3+ Rg6 52. Rh8+ 1-0